000 01755cam a22004694i 4500
003 PE-LiUPU
005 20250731172941.0
008 150623s r 000 0 d
020 _a0385411146
035 _a(Sirsi) i9780385411141
040 _aPE-LiUPU
_bspa
_cPE-LiUPU
_erda
049 _aPRUA
082 0 4 _a220.7
_bAB1997
_221
100 1 _aSeow, Choon-Leon,
_eautor.
245 1 0 _aEcclesiastes.
_n18C /
_cChoon-Leon Seow.
264 1 _aNew York :
_bDoubleday,
_c1997.
300 _a419 páginas ;
_c24 centímetros
336 _atext
_2rdacontent
337 _aunmediated
_2rdamedia
338 _avolume
_2rdacarrier
490 0 _aThe Anchor Bible ;
_v18 C
504 _aIncluye bibliografía.
505 0 _aPreface. - Nothing is ultimately realiable. - Everything is in the hand of God. - Relative good enough. - Attitude before God. - Enjoyment, not greed. - No one knows what is good. - Righteousnes and wisdom are elusive. - It's an arbitrary world. - Carpe diem. - The world is full of risks. - Living with risks.
526 _aSEG42
526 _aSEG41
526 _aSEG40
526 _aSEG39
526 _aP94
526 _aP87
526 _aP86
526 _aP85
526 _aP77
526 _aP76
526 _aP35
630 _aBiblia.
_pA.T.
_pEclesiastés
_xComentarios.
942 _2ddc
_cBOOK
949 _a220.7 AB 18C 1997
_wDEWEY
_c1
_i44558
_lCCODEBUL1
_mBUL
_r0
_sY
_tBOOK
_u2015-6-24
_xTEOLOGIA
_PP35
_0COMPRA
_o.STAFF. Colección General
994 _aC0
_bPEPRU
596 _a1
999 _a220.7 AB 18C 1997
_wDEWEY
_c21443
_i44558
_d21443
_f2021-11-9
_g5
_lCCODEBUL1
_mBUL
_q1
_r0
_sY
_tBOOK
_u2015-6-24
_xTEOLOGIA
_PP35
_0COMPRA
_o.STAFF. Colección General
980 _81
_gALBERTO SANCHEZ Responsable de Automatización